01063 a2200181 45000010006000000050017000060080041000230030015000640400040000790800159001192450042002780200022003202640075003423000019004175050421004360410008008571000016008656043420260407155855.0260407a2005 arg spa dAR-UNSa-BCEJYS aAR-UNSa-BCEJYSbspacAR-UNSa-BCEJYS a321.01xTeoría general del Estado. Teoría y filosofía del poder. Estado y territorio. Autoridad y oposición. Usurpación (Filosofía política)10aPrincipios de una teoría del estado a978-950-23-1284-2 1aBuenos Aires :bEUDEBA (Editorial Universitaria de Buenos Aires)c2005 a166 p.c21 cm. a1. Definiciones - 2. La eficacia de la libertad – 3. El mejor de los mundos posibles – 4. Hombre y homo oeconomicus – 5. Lo político y lo económico – 6. Interferencias estratégicas – 7. El problema de las elecciones colectivas – 8. Sobre el valor de las leyes – 9. La tentación de la economía administrada – 10. La ambigüedad del cálculo económico – 11. ¿Qué es la competencia?-  aspa1 aGatty, Jean